1181 1624 1606 1318 1441 1165 1915 1494 1371 1894 1294 1121 1015 1436 1445 1112 1574 1316 1422 1029 1663 1302 1481 1578 1190 1110 1374 1565 1330 1430 1514 1400 1278 1268 1350 1563 1492 1590 1662 1825 1640 1337 1167 1404 1904 1272 1376 1506 1389 1356 1070 1753 1785 1535 1510 1299 1295 1164 1539 1960 1402 1860 1905 1434 1139 1033 1709 1773 1128 1940 1668 1789 1876 1425 1521 1857 1617 1701 1081 1816 1925 1430 1636 1125 1511 1403 1304 1141 1144 1593 1951 1587 1165 1089 1423 1468 1755 1981 1101 BCNSPRNW ULIB Ver.6.0+V

เปลี่ยนเป็นภาษาไทย

Change to English
 แสดงรายละเอียดบรรณานุกรม
  กลับหน้าหลัก

Brief Record : Get Marc (ISO 2709) : E-mail record : QR code < ปิดหน้าต่าง
LEADER : 00000nam 2200000uu 4500
001    13399125593
003     ULIB
008    170702s2558||||th 000 0 tha d
020    ^a9786162797637
060  0 ^aWP140^bศ112ร
100 0  ^aศกุนตลา วิลาศรัศมี
245 10 ^aโรคซ็อคโกแลตซีสต์/^cศกุนตลา วิลาศรัศมี
260    กรุงเทพฯ :^bภาควิชาสูติ - นรีเวชวิทยา คณะแพทย์ศาสตร์ศิริราชพยาบาล มหาวิทยาลัยมหิดล ;^c2558
300    ^a48 หน้า
500    ^aSend to Single Search.
650  4 ^aมดลูก -- โรค
650  4 ^aสตรี -- สุขภาพและอนามัย -- ไทย
650  4 ^aอวัยวะสืบพันธุ์หญิง, โรค -- การรักษา
710 1  มหาวิทยาลัยมหิดล^bคณะแพทย์ศาสตร์ศิริราชพยาบา^bภาควิชาสูติ - นรีเวชวิทยา
945    ^p120^l0^i002526
945    ^p120^l0^i002527
999    ^aทศพร
รายการนี้ยังไม่มีแท็ก
คุณยังไม่ได้ล็อกอิน คุณสามารถมีกิจกรรมร่วมกับเว็บไซต์ได้ แต่ต้องล็อกอินก่อน ::
  ล็อกอิน

รายการสื่อสารสนเทศ

ลำดับที่ ประเภท เลขเรียก/บาร์โค้ด สถานที่ สถานะ
1. วิทยาศาสตร์การแพทย์ และสุขภาพ
วิทยาศาสตร์การแพทย์ และสุขภาพ
สถานะ=หนังสือเก่า
WP140 ศ112ร ฉ.1 
  Barcode: 002526
ห้องสมุดวิทยาเขตสวรรค์ประชารักษ์
►ส่วนจัดเก็บหนังสือเก่า สปร
บนชั้น
  ขอยืม
2. วิทยาศาสตร์การแพทย์ และสุขภาพ
วิทยาศาสตร์การแพทย์ และสุขภาพ
สถานะ=หนังสือเก่า
WP140 ศ112ร ฉ.2 
  Barcode: 002527
ห้องสมุดวิทยาเขตสวรรค์ประชารักษ์
►ส่วนจัดเก็บหนังสือเก่า สปร
บนชั้น
  ขอยืม

รายการใกล้เคียง
    ชื่อเรื่อง [โรคซ็อคโกแลตซีสต์/ ศกุนตลา วิลาศรัศมี]

    ผู้แต่ง [ศกุนตลา วิลาศรัศมี]

    หัวเรื่อง [มดลูก -- โรค]
    หัวเรื่อง [สตรี -- สุขภาพและอนามัย -- ไทย]
    หัวเรื่อง [อวัยวะสืบพันธุ์หญิง, โรค -- การรักษา]

BibComment


ยังไม่เคยถูกคอมเมนท์

คอมเมนท์ทรัพยากรรายการนี้
  คอมเมนท์: โรคซ็อคโกแลตซีสต..


 Copyright 2026. Bcnsprnw @Library